| 000 | 00645nam a2200181Ia 4500 | ||
|---|---|---|---|
| 008 | 100921s9999 xx 000 0 und d | ||
| 082 |
_b25269 _a891.463 थ 93 |
||
| 100 | _aपाटील देवदत्त. | ||
| 245 | _aभग्नमूर्ती. | ||
| 260 |
_bराजेंद्र प्रकाशन, पुणे. _c1993 |
||
| 300 |
_a295 _bरसिक साहित्य,पुणे |
||
| 365 | _b120 | ||
| 520 | _aललित-कादंबरी. | ||
| 630 | _aभग्नमूर्ती. | ||
| 650 | _aललित-कादंबरी. | ||
| 730 | _aभग्नमूर्ती. | ||
| 942 | _cBOOK | ||
| 999 |
_c774382 _d774379 |
||